000 01063nas a2200277 i 4500
001 2284
003 ES-MaACL
005 20250217134607.0
008 950801d18911923sp s| | 1 |spa d
022 _a2480-7303
080 _a460
245 0 3 _aEl Telégrafo español
_b: revista decenal ilustrada.
260 _aMadrid :
_b[El Telégrafo Español],
_c[1891-1923]
300 _av :
_bil. ;
_c24 cm.
310 _aQuincenal, 1917-1923
362 0 _aAño 1, n. 1-año 2, n. 36 (31 dic. 1892) ; 2ª época, año 1, n. 1 (2 dic. 1917)-
530 _aDisponible en formato digital.
594 _aSubtít. de la 2ª época: revista técnica y profesional ilustrada.
650 4 _aElectrotecnia.
_912169
650 4 _aTelégrafo.
_917430
740 3 2 _aEl Telégrafo español : revista técnica y profesional ilustrad.
852 _aES-MaACL
_jB-8549-50
856 _uhttp://archivodigital.coit.es/index.php/mod.articulos/mem.catalogos/relcategoria.1106
_zColegio Oficial de Ingenieros de Telecomunicación
866 1 _o1921-22.
999 _c2284
_d2284